Statistics for US States Quiz - Consonants

Click here to take the quiz!

General Stats

  • This quiz has been taken 23 times
  • The average score is 43 of 50

Answers on the Map

Answers color-coded by a green-red scale on the quiz's map according to % correct below.
 

Answer Stats

Stt% Correct
dh
95%
Flrd
95%
h
95%
lbm
95%
Lsn
95%
Mn
95%
Mntn
95%
w
95%
Clfrn
91%
Clrd
91%
Grg
91%
Hw
91%
lsk
91%
Mchgn
91%
Mnnst
91%
Msssspp
91%
Nrth Dkt
91%
Nw Mxc
91%
rzn
91%
Sth Dkt
91%
Txs
91%
Knss
86%
llns
86%
Mrylnd
86%
ndn
86%
rgn
86%
rknss
86%
th
86%
Vrgn
86%
Wshngtn
86%
Dlwr
82%
klhm
82%
Kntcky
82%
Msschstts
82%
Mssr
82%
Nbrsk
82%
Nvd
82%
Sth Crln
82%
Wscnsn
82%
Wst Vrgn
82%
Nrth Crln
77%
Nw Hmpshr
77%
Nw Jrsy
77%
Tnnss
77%
Pnnsylvn
73%
Rhd slnd
73%
Vrmnt
73%
Cnnctct
68%
Nw Yrk
64%
Wymng
64%

Score Distribution

Percentile by Number Answered

Percent of People with Each Score

Your Score History

You have not taken this quiz